LIBRARY & INFORMATION CENTRE, KCAET, TAVANUR

ONLINE PUBLIC ACCESS CATALOGUE (OPAC)

Animal Husbandry and Farming Management (Record no. 14644)

MARC details
000 -LEADER
fixed length control field 00288nam a22001217a 4500
020 ## - INTERNATIONAL STANDARD BOOK NUMBER
ISBN 9789383101016
082 ## - DEWEY DECIMAL CLASSIFICATION NUMBER
Classification number 636
Item number KHA/AN
100 ## - MAIN ENTRY--AUTHOR NAME
Personal name Khan,Yasin
245 ## - TITLE STATEMENT
Title Animal Husbandry and Farming Management
260 ## - PUBLICATION, DISTRIBUTION, ETC. (IMPRINT)
Place of publication New Delhi
Name of publisher Agrotech Press
Year of publication 2013
300 ## - PHYSICAL DESCRIPTION
Number of Pages 256
942 ## - ADDED ENTRY ELEMENTS (KOHA)
Koha item type Books
Holdings
Withdrawn status Lost status Damaged status Collection code Home library Current library Shelving location Date acquired Source of acquisition Cost, normal purchase price Full call number Accession Number Koha item type
        KAUAET KAUAET General Stacks 22/07/2016 Southern Book Star, Tvm. 1850.00 636. KHA/AN 24516 Books
free website counter